000 02252nam a22002297a 4500
005 20250409101608.0
008 250409b |||||||| |||| 00| 0 eng d
020 _a9781032561721
037 _cTextual
040 _aRTL
_cRTL
084 _aX:51-8 R4
_qRTL
100 _aRichardson, Neil
_9751972
245 _a Sustainable marketing planning
250 _a2nd
260 _aLondon
_bRoutledge
_c2024
300 _axiii, 283p. : ill.
_bIncludes bibliographical references and index
520 _aThis book provides practical insights, tools and frameworks to help readers produce tactically and strategically appropriate marketing plans. Showing how to embed sustainability in these strategies, students will be shown how to implement changes while being encouraged to reflect on why they are needed. The text reflects on contemporary themes that impact on Sustainable Marketing Planning, including consumer behaviour, entrepreneurialism, internal marketing, services, international marketing, event management and digital marketing. The 2nd Edition has been fully updated with a greater focus on the issues surrounding sustainability, including the environmental challenges facing businesses, sustainable accreditation and integrating the UN SDGs. It provides background on the value discourses that underpin sustainability, incorporates new examples and case studies from broader regions around the world, and introduces TBL-based loyalty. Full of tools and frameworks to improve comprehension, including chapter-by-chapter learning outcomes, summaries, exercises, applied activities and mini case studies, it bridges the gap between theory and practice effectively and accessibly. Presenting contemporary themes and challenges at the cutting edge of business research and practice, this book should be core reading for advanced undergraduate and postgraduate students of sustainable marketing, marketing planning and marketing strategy, as well as professionals seeking to improve the competitive advantage of their organisations.
650 _a Green marketing
_9751973
650 _aConsumption (Economics)--Environmental aspects
_9751974
650 _a Social responsibility of business
_935928
942 _2CC
_n0
_cTB
_hX:51-8 R4
999 _c1308569
_d1308569